Alle KFZ-Kennzeichen Brandenburg - Statistiken

Allgemein
  • Dieses Quiz wurde 639 mal gespielt
  • Das Durchschnittsergebnis liegt bei 31 aus 54
Antwortstatistiken
Unterscheidungszeichen Verwaltungsbezirk % Korrekt
CB Cottbus
94%
BRB Brandenburg
92%
BBL Brandenburg, Landesregierung und Landtag
92%
FF Frankfurt/Oder
91%
HVL Landkreis Havelland
89%
BAR Barnim
88%
P Potsdam
88%
EE Elbe-Elster
75%
EW Eberswalde
74%
OHV Oberhavel
74%
LOS Oder-Spree
74%
BER Bernau
71%
ANG Angermünde
71%
TF Landkreis Teltow-Fläming
71%
PM Potsdam-Mittelmark
68%
GUB Guben
67%
KW Königs Wusterhausen
67%
UM Uckermark
66%
NAU Nauen
65%
SDT Stadtkreis Schwedt/Oder
65%
OPR Ostprignitz-Ruppin
63%
LDS Dahme-Spreewald
61%
FI Finsterwalde
60%
FW Fürstenwalde
60%
MOL Märkisch-Oderland
59%
NP Neuruppin
59%
PR Prignitz
59%
FOR Forst
56%
CA Calau
53%
SFB Senftenberg
53%
EH Stadt und Landkreis Eisenhüttenstadt
53%
LUK Luckenwalde
51%
KY Kyritz
51%
FRW Bad Freienwalde
49%
PZ Prenzlau
48%
LC Luckau
46%
SPB Spremberg
46%
BSK Beeskow
45%
OSL Landkreis Oberspreewald-Lausitz
45%
SPN Landkreis Spree-Neiße
45%
LN Lübben
41%
OR Oranienburg
41%
SEE Seelow
41%
JB Jüterbog
39%
ZS Zossen
39%
RN Rathenow
35%
TP Templin
35%
PER Perleberg
31%
SRB Strausberg
31%
HV Havelberg
28%
HZ Herzberg
27%
BEL Belzig
26%
PK Pritzwalk
17%
GRS Gransee
16%
Keine übereinstimmenden Quizze gefunden
Verteilung der Resultate
Anzahl Personen mit jedem Resultat
Perzentil nach korrekt beantworteten Fragen
Ihre Resultats-Entwicklung
Sie haben dieses Quiz noch nicht gespielt